000
00294nam a2200097Ia 4500
008
220204s9999 xx 000 0 und d
082
_a
NR:62:006.73
_b
RRC.38
245
0
_a
Thirty eighth B round robin crosschecks for SMR testing (11-12 Dec 1985)
260
_a
Kuala Lumpur
_b
RRIM
_c
1985
942
_c
BK
999
_c
43314
_d
43314